[Event "RUS-chT 1L"]
[Site "Sochi RUS"]
[Date "2005.04.20"]
[Round "2"]
[White "Rodchenkov, Sergei"]
[Black "Nikolaeva, Alexandra"]
[Result "1-0"]
[WhiteElo "2359"]
[BlackElo "2148"]
[EventDate "2005.04.19"]
[PlyCount "81"]

1.e4 e6 2.d4 d5 3.Nc3 Nf6 4.Bg5 Bb4 5.e5 h6 6.Bd2 Bxc3 7.bxc3 Ne4 8.Qg4 
Kf8 9.Qf4 c5 10.Bd3 Nxd2 11.Qxd2 c4 12.Bf1 Nc6 13.h4 Bd7 14.h5 Rb8 15.f4 
b5 16.a3 a5 17.Nf3 b4 18.axb4 axb4 19.Be2 Ke7 20.O-O Qc7 21.cxb4 Rxb4 22.
c3 Rb7 23.g4 Ra7 24.Rxa7 Qxa7 25.Qe3 Kd8 26.Nh4 Be8 27.f5 Rh7 28.Bd1 Qe7 
29.f6 Qf8 30.Ng2 gxf6 31.Rxf6 Ne7 32.Qf2 Qg7 33.Qa2 Bd7 34.Qa5+ Ke8 35.
Qa8+ Nc8 36.Nf4 Kd8 37.Qa5+ Ke8 38.Kf2 Qg5 39.Kg3 Qg7 40.Qc7 Qf8 41.Ba4 
1-0

[Event "RUS-chT 1L"]
[Site "Sochi RUS"]
[Date "2005.04.20"]
[Round "2"]
[White "Rogovsky, Vladimir"]
[Black "Firman, Nazar"]
[Result "0-1"]
[WhiteElo "2509"]
[BlackElo "2471"]
[EventDate "2005.04.19"]
[PlyCount "120"]

1.e4 c5 2.Nf3 e6 3.d4 cxd4 4.Nxd4 a6 5.Nc3 Qc7 6.Be2 b5 7.O-O Bb7 8.Re1 
Nc6 9.Bf1 Nf6 10.Nxc6 dxc6 11.e5 Rd8 12.Bd3 Nd5 13.Bg5 Rd7 14.Nxd5 cxd5 
15.Qg4 d4 16.f4 h6 17.Bh4 g5 18.fxg5 hxg5 19.Bxg5 Rg8 20.h4 Be7 21.Qh5 
Bxg5 22.hxg5 Qc5 23.Re2 Qe7 24.g6 fxg6 25.Qg4 Kd8 26.Rf1 Rh8 27.Qxg6 Qh4 
28.Qf6+ Kc7 29.Qxh4 Rxh4 30.Rf6 Bd5 31.a3 Rd8 32.Rg6 Rf8 33.Rf2 Rfh8 34.
Rf7+ Kb6 35.Bf5 Rh1+ 36.Kf2 Rc1 37.Kg3 Rg1 38.Bh3 Rh5 39.Rf4 Kc5 40.b4+ 
Kc4 41.Rgg4 Rxe5 42.Rxd4+ Kc3 43.Kh2 Ra1 44.Rd3+ Kxc2 45.Rgg3 Ree1 46.Rge3
Rad1 47.Rc3+ Kb2 48.Kg3 Rc1 49.Rcd3 Rxe3+ 50.Rxe3 Rc3 51.Rxc3 Kxc3 52.Kf4 
Kd4 53.g4 e5+ 54.Kg3 Kd3 55.g5 e4 56.Bf1+ Kd2 57.Kf4 e3 58.g6 Bc4 59.g7 e2
60.Bxe2 Kxe2 0-1

[Event "RUS-chT 1L"]
[Site "Sochi RUS"]
[Date "2005.04.20"]
[Round "2"]
[White "Shomoev, Anton"]
[Black "Karpov, Anatoly"]
[Result "1-0"]
[WhiteElo "2540"]
[BlackElo "2674"]
[EventDate "2005.04.19"]
[PlyCount "83"]

1.e4 e5 2.Nf3 Nf6 3.Nxe5 d6 4.Nf3 Nxe4 5.d4 d5 6.Bd3 Be7 7.O-O Nc6 8.Re1 
Bf5 9.c4 Nb4 10.Bf1 O-O 11.a3 Nc6 12.cxd5 Qxd5 13.Nc3 Nxc3 14.bxc3 Bf6 15.
Bf4 Rac8 16.Rc1 Rfd8 17.h3 h6 18.g4 Bg6 19.Bg2 Qa5 20.Nd2 Bg5 21.Bxg5 Qxg5
22.Nb3 Re8 23.Qf3 Qb5 24.Qd5 Qa4 25.Nc5 Qxa3 26.Nxb7 Rxe1+ 27.Rxe1 Qxc3 
28.Re3 Qc1+ 29.Kh2 Nb4 30.Qd7 Rf8 31.Nc5 Nc2 32.Re8 Qf4+ 33.Kg1 Qd6 34.Qc8
Nxd4 35.Rxf8+ Qxf8 36.Qxc7 Qe8 37.Nd7 a5 38.Ne5 Ne2+ 39.Kh2 Qa4 40.Nxg6 
fxg6 41.Bd5+ Kh7 42.Qd8 1-0

[Event "RUS-chT 1L"]
[Site "Sochi RUS"]
[Date "2005.04.20"]
[Round "2"]
[White "Smirnov, Artiom"]
[Black "Ivanov, Timur"]
[Result "0-1"]
[WhiteElo "2413"]
[BlackElo "2408"]
[EventDate "2005.04.19"]
[PlyCount "102"]

1.d4 d5 2.c4 dxc4 3.Nf3 e6 4.e3 a6 5.Bxc4 c5 6.Qe2 Nf6 7.O-O b5 8.Bb3 Bb7 
9.dxc5 Bxc5 10.a4 b4 11.Nbd2 Nbd7 12.e4 e5 13.Bc2 O-O 14.b3 Qe7 15.Nc4 Ba7
16.Bg5 h6 17.Bd2 Bc5 18.Nh4 Rfe8 19.Nf5 Qe6 20.Qf3 Nf8 21.Na5 Bc8 22.Bd3 
Qb6 23.Nc4 Qd8 24.Bc2 Bxf5 25.exf5 e4 26.Qg3 Kh8 27.Rad1 Qe7 28.Rde1 N8d7 
29.Kh1 Nb6 30.Ne3 Rad8 31.Bc1 Bd4 32.Ng4 Nbd5 33.Nxf6 Nxf6 34.Qh3 Rc8 35.
Bb1 Rc3 36.Qh4 Qc5 37.Bxh6 gxh6 38.Qxh6+ Kg8 39.Qg5+ Kf8 40.Qh6+ Kg8 41.
Qg5+ Kf8 42.Qh6+ Ke7 43.Bxe4 Kd7 44.f3 Nxe4 45.fxe4 Rh8 46.Qg5 Qe5 47.Rf4 
Be3 48.g3 Bxf4 49.gxf4 Qd4 50.e5 Qd2 51.e6+ Kd6 0-1

[Event "RUS-chT 1L"]
[Site "Sochi RUS"]
[Date "2005.04.20"]
[Round "2"]
[White "Sokolov, Dmitri"]
[Black "Balberov, Alexander"]
[Result "1-0"]
[WhiteElo "2398"]
[BlackElo "2403"]
[EventDate "2005.04.19"]
[PlyCount "69"]

1.e4 g6 2.d4 Bg7 3.Nc3 d6 4.Be3 c6 5.Qd2 b5 6.O-O-O a6 7.f3 Nd7 8.g4 Nb6 
9.h4 h5 10.gxh5 Rxh5 11.Qf2 Rb8 12.e5 d5 13.b3 Nh6 14.Nge2 Nf5 15.Ng3 Nxg3
16.Qxg3 Bf5 17.Ne2 Bf8 18.Nf4 Rh8 19.e6 Qd6 20.exf7+ Kxf7 21.h5 gxh5 22.
Bh3 Bxh3 23.Rxh3 Bg7 24.Rg1 Rbg8 25.Ng6 Rh7 26.Ne5+ Ke8 27.Qg5 Rhh8 28.
Rxh5 Bxe5 29.Rxh8 Rxh8 30.dxe5 Qa3+ 31.Kd1 Nc8 32.Qg7 Rh4 33.e6 Kd8 34.
Qg8+ Kc7 35.Qg3+ 1-0

[Event "RUS-chT 1L"]
[Site "Sochi RUS"]
[Date "2005.04.20"]
[Round "2"]
[White "Soloviov, Sergei"]
[Black "Iskusnyh, Sergei"]
[Result "1-0"]
[WhiteElo "2473"]
[BlackElo "2474"]
[EventDate "2005.04.19"]
[PlyCount "67"]

1.e4 c5 2.Nc3 Nc6 3.Nge2 d6 4.d4 cxd4 5.Nxd4 Nf6 6.Be2 g6 7.Be3 Bg7 8.Nb3 
O-O 9.f4 Be6 10.g4 d5 11.f5 Bc8 12.exd5 Nb4 13.Bf3 gxf5 14.a3 fxg4 15.Bg2 
Na6 16.Qd3 Qd6 17.O-O-O Bd7 18.Kb1 Rac8 19.Bd4 Nh5 20.Bxg7 Nxg7 21.h3 Bf5 
22.Be4 Qg6 23.Bxf5 Nxf5 24.Rhg1 h5 25.hxg4 hxg4 26.Qe4 Nh6 27.Qxe7 Rfe8 
28.Qh4 Nb8 29.Rd4 Kf8 30.Rdxg4 Nxg4 31.Rxg4 Re1+ 32.Ka2 Rh1 33.Qg3 Rxc3 
34.Qxb8+ 1-0

[Event "RUS-chT 1L"]
[Site "Sochi RUS"]
[Date "2005.04.20"]
[Round "2"]
[White "Vorobiov, Evgeny"]
[Black "Zaitsev, Vladimir"]
[Result "1/2-1/2"]
[WhiteElo "2550"]
[BlackElo "2435"]
[EventDate "2005.04.19"]
[PlyCount "43"]

1.e4 e6 2.d3 d5 3.Nd2 Nf6 4.Ngf3 b6 5.c3 Be7 6.Qa4+ c6 7.Be2 O-O 8.Nf1 b5 
9.Qc2 b4 10.Ng3 bxc3 11.bxc3 dxe4 12.dxe4 Ba6 13.e5 Nfd7 14.O-O Bxe2 15.
Qxe2 Qa5 16.Rd1 Rd8 17.Bg5 Bxg5 18.Nxg5 h6 19.Nf3 Nf8 20.Rxd8 Qxd8 21.Rd1 
Nbd7 22.Qe4 1/2-1/2

[Event "RUS-chT 1L"]
[Site "Sochi RUS"]
[Date "2005.04.20"]
[Round "2"]
[White "Yevseev, Denis"]
[Black "Deviatkin, Andrei"]
[Result "1-0"]
[WhiteElo "2530"]
[BlackElo "2510"]
[EventDate "2005.04.19"]
[PlyCount "99"]

1.e4 Nf6 2.e5 Nd5 3.d4 d6 4.Nf3 Nb6 5.Be2 g6 6.Bf4 Bg7 7.Qd2 Nc6 8.Bh6 O-O
9.Bxg7 Kxg7 10.exd6 Qxd6 11.c4 Qf6 12.d5 Ne5 13.Nxe5 Qxe5 14.f4 Qf6 15.Nc3
Bf5 16.O-O-O h5 17.Qd4 Qxd4 18.Rxd4 e6 19.dxe6 Bxe6 20.c5 Nd7 21.c6 bxc6 
22.Bf3 c5 23.Ra4 Rab8 24.Rxa7 Rb4 25.Rxc7 Rxf4 26.Re1 Bf5 27.b3 h4 28.Re3 
Kh6 29.a3 Rd4 30.Nb5 Rf4 31.g3 Rxf3 32.Rxf3 Ne5 33.Re3 Ng4 34.Ree7 h3 35.
Nd6 Nxh2 36.Nxf7+ Kg7 37.Ng5+ Kh6 38.Nxh3 Bxh3 39.Rh7+ Kg5 40.Rxh3 Nf3 41.
Rxc5+ Kg4 42.Rh7 Rg8 43.Rf7 g5 44.Rc3 Nd4 45.Re7 Kh3 46.g4+ Kh4 47.Rd3 
Rc8+ 48.Kb2 Nc6 49.Rh7+ Kxg4 50.Rc3 1-0

[Event "RUS-chT 1L"]
[Site "Sochi RUS"]
[Date "2005.04.20"]
[Round "2"]
[White "Yurtaev, Leonid"]
[Black "Gabdrakhmanov, Rafail"]
[Result "1-0"]
[WhiteElo "2515"]
[BlackElo "2425"]
[EventDate "2005.04.19"]
[PlyCount "120"]

1.e4 e5 2.Nf3 Nc6 3.Bb5 a6 4.Ba4 d6 5.Bxc6+ bxc6 6.d4 f6 7.Nc3 Rb8 8.Be3 
Qd7 9.b3 Ne7 10.Qe2 exd4 11.Bxd4 Qg4 12.O-O-O Qxg2 13.Rhg1 Qh3 14.Kb1 Qe6 
15.Nh4 g5 16.Nf3 Ng6 17.Be3 Ne5 18.Nxe5 Qxe5 19.Qh5+ Kd8 20.Bd4 Qe6 21.h4 
g4 22.f4 gxf3 23.Qxf3 Be7 24.Rg7 Rg8 25.Rxh7 Qh3 26.Qf4 Qg4 27.Rg1 Qxg1+ 
28.Bxg1 Rxg1+ 29.Kb2 Be6 30.Ne2 Rg4 31.Qf3 Rb4 32.Nf4 Bf5 33.exf5 Rbxf4 
34.Qxc6 Rxh4 35.Rxe7 Kxe7 36.Qxc7+ Ke8 37.Qxd6 Re4 38.Qxf6 a5 39.Qc6+ Ke7 
40.Qd5 Kf6 41.Qxa5 Rhf4 42.a4 Rxf5 43.Qd8+ Re7 44.a5 Ke6 45.b4 Rd5 46.Qc8+
Kd6 47.Kb3 Rc7 48.Qf8+ Kd7 49.c4 Re5 50.Qf4 Re6 51.b5 Kc8 52.Qf5 Re7 53.
Kb4 Kb8 54.a6 Re5 55.Qf4 Re6 56.Ka5 Kc8 57.c5 Re4 58.Qf8+ Re8 59.Qf5+ Kc7 
60.Qd5 R4e7 1-0

[Event "RUS-chT 1L"]
[Site "Sochi RUS"]
[Date "2005.04.20"]
[Round "2"]
[White "Zimmerman, Yury"]
[Black "Scherbakov, Ruslan"]
[Result "1/2-1/2"]
[WhiteElo "2366"]
[BlackElo "2534"]
[EventDate "2005.04.19"]
[PlyCount "64"]

1.d4 Nf6 2.c4 e6 3.Nf3 d5 4.g3 dxc4 5.Bg2 a6 6.O-O Nc6 7.Nc3 Rb8 8.e4 Be7 
9.d5 Nb4 10.Ne5 exd5 11.exd5 Bf5 12.a3 Nd3 13.Nxc4 Nxc1 14.Rxc1 O-O 15.Qd2
Ne8 16.Ne3 Bd7 17.Rfd1 Nd6 18.Qc2 Bg5 19.f4 Bf6 20.Ne4 Nxe4 21.Bxe4 Re8 
22.Nc4 g6 23.Bf3 Bf5 24.Qd2 Be4 25.Qg2 Bxf3 26.Qxf3 Qe7 27.Qf2 Qd7 28.Rd2 
Re4 29.d6 cxd6 30.Nxd6 Re6 31.Ne4 Qe7 32.Nxf6+ Qxf6 1/2-1/2

[Event "RUS-chT 1L"]
[Site "Sochi RUS"]
[Date "2005.04.20"]
[Round "2"]
[White "Zontakh, Andrei"]
[Black "Dvoirys, Semen"]
[Result "1/2-1/2"]
[WhiteElo "2535"]
[BlackElo "2568"]
[EventDate "2005.04.19"]
[PlyCount "57"]

1.e4 c5 2.Nf3 d6 3.d4 cxd4 4.Nxd4 Nf6 5.Nc3 a6 6.Be3 e5 7.Nb3 Be6 8.f3 
Nbd7 9.g4 Nb6 10.g5 Nh5 11.Qd2 Be7 12.O-O-O O-O 13.Rg1 Rc8 14.Kb1 Qc7 15.
Qf2 Bd8 16.f4 Nxf4 17.Bxf4 exf4 18.Qxf4 Na4 19.Rg3 Nxc3+ 20.Rxc3 Qe7 21.
Rxc8 Bxc8 22.h4 Qe5 23.Qxe5 dxe5 24.Bc4 Bb6 25.Nc1 Bg4 26.Rf1 Bh3 27.Rd1 
Bg4 28.Rf1 Bh3 29.Rd1 1/2-1/2

[Event "RUS-chT 1L"]
[Site "Sochi RUS"]
[Date "2005.04.20"]
[Round "3"]
[White "Anisimov, Pavel"]
[Black "Ayupov, Damir"]
[Result "1/2-1/2"]
[WhiteElo "2476"]
[BlackElo "2364"]
[EventDate "2005.04.19"]
[PlyCount "88"]

1.e4 e6 2.d4 d5 3.Nd2 Nf6 4.e5 Nfd7 5.Bd3 c5 6.c3 Nc6 7.Ne2 cxd4 8.cxd4 f6
9.exf6 Nxf6 10.O-O Bd6 11.Nf3 O-O 12.Bg5 Bd7 13.Re1 Qc7 14.Nc3 Ng4 15.g3 
Nxd4 16.Nxd4 Nxf2 17.Bxh7+ Kxh7 18.Qh5+ Kg8 19.Nxe6 Bxe6 20.Rxe6 Qd7 21.
Rae1 Ne4 22.Qg6 Nxg5 23.Qxg5 Qf7 24.Qe3 d4 25.Qxd4 Rad8 26.Qe3 b6 27.Kh1 
Bc5 28.Qe2 Rd4 29.Re8 Qb7+ 30.Qg2 Qd7 31.Rxf8+ Bxf8 32.Qf3 Bb4 33.Rf1 Bxc3
34.bxc3 Rd2 35.Qa8+ Kh7 36.Qe4+ Kg8 37.Qc4+ Kh7 38.Qe4+ Kg8 39.Kg1 b5 40.
Qa8+ Kh7 41.Qe4+ Kg8 42.a3 Rd1 43.Rxd1 Qxd1+ 44.Kg2 Qd2+ 1/2-1/2

[Event "RUS-chT 1L"]
[Site "Sochi RUS"]
[Date "2005.04.20"]
[Round "3"]
[White "Balberov, Alexander"]
[Black "Khairullin, Ildar"]
[Result "1/2-1/2"]
[WhiteElo "2403"]
[BlackElo "2517"]
[EventDate "2005.04.19"]
[PlyCount "65"]

1.e4 c5 2.Nf3 e6 3.c3 Nf6 4.e5 Nd5 5.d4 cxd4 6.Qxd4 Nc6 7.Qe4 b6 8.Bd3 Bb7
9.O-O Qc7 10.Re1 Nde7 11.Na3 a6 12.Qe2 Ng6 13.Nc2 d6 14.exd6 Bxd6 15.Be4 
Nf4 16.Bxf4 Bxf4 17.Rad1 O-O 18.g3 Bh6 19.Ncd4 Nxd4 20.Rxd4 Rfd8 21.Red1 
Rxd4 22.Rxd4 g6 23.Bxb7 Qxb7 24.Qd3 Bg7 25.Rd7 Qc6 26.Ng5 Rf8 27.h4 Qa4 
28.a3 Qb3 29.Qe2 h6 30.Nf3 a5 31.Rd2 b5 32.Nd4 Bxd4 33.Rxd4 1/2-1/2

[Event "RUS-chT 1L"]
[Site "Sochi RUS"]
[Date "2005.04.20"]
[Round "3"]
[White "Berezhevsky, Evgeny"]
[Black "Slugin, Sergei"]
[Result "1/2-1/2"]
[WhiteElo "2385"]
[BlackElo "2355"]
[EventDate "2005.04.19"]
[PlyCount "37"]

1.d4 e6 2.c4 f5 3.g3 Nf6 4.Bg2 c6 5.Nf3 d5 6.O-O Bd6 7.Bf4 Bxf4 8.gxf4 O-O
9.Qc2 Qe7 10.Nbd2 Bd7 11.Ne5 Be8 12.Ndf3 Bh5 13.cxd5 cxd5 14.Rac1 Na6 15.
a3 Bxf3 16.Bxf3 Nd7 17.Nd3 Nb6 18.Ne5 Nd7 19.Nd3 1/2-1/2

[Event "RUS-chT 1L"]
[Site "Sochi RUS"]
[Date "2005.04.20"]
[Round "3"]
[White "Deviatkin, Andrei"]
[Black "Yurtaev, Leonid"]
[Result "1/2-1/2"]
[WhiteElo "2510"]
[BlackElo "2515"]
[EventDate "2005.04.19"]
[PlyCount "105"]

1.d4 Nf6 2.Nf3 g6 3.Bf4 Bg7 4.e3 d6 5.h3 O-O 6.c3 Nc6 7.Bc4 Nd7 8.Nbd2 e5 
9.Bh2 Qe7 10.O-O Kh8 11.Bb5 e4 12.Ne1 f5 13.Nc2 Nf6 14.f3 exf3 15.Qxf3 Bd7
16.Bd3 Rae8 17.Rae1 Nd8 18.Qd1 Bc6 19.Nb4 Be4 20.Nxe4 Nxe4 21.Nd5 Qd7 22.
c4 Nf6 23.Nxf6 Bxf6 24.Bc2 Qg7 25.b4 Ne6 26.c5 dxc5 27.bxc5 b6 28.Ba4 Rd8 
29.Qb3 Ng5 30.cxb6 cxb6 31.Rc1 Rc8 32.Qd3 Qe7 33.Bb5 Ne4 34.Ba6 Rxc1 35.
Rxc1 Rd8 36.Rc7 Qb4 37.Rc1 Nc5 38.Qc4 Nxa6 39.Qxa6 Qd2 40.Qa3 Re8 41.Be5 
Bxe5 42.dxe5 a5 43.e6 Kg7 44.Rc7+ Kh6 45.Qb3 f4 46.exf4 Qxf4 47.Rc4 Qe5 
48.Qxb6 Rb8 49.Rh4+ Kg5 50.Qd4 Rb1+ 51.Kf2 Rb2+ 52.Kg1 Rb1+ 53.Kf2 1/2-1/2

[Event "RUS-chT 1L"]
[Site "Sochi RUS"]
[Date "2005.04.20"]
[Round "3"]
[White "Firman, Nazar"]
[Black "Makarov, Marat"]
[Result "1/2-1/2"]
[WhiteElo "2471"]
[BlackElo "2515"]
[EventDate "2005.04.19"]
[PlyCount "83"]

1.e4 c5 2.Nf3 d6 3.d4 Nf6 4.Nc3 cxd4 5.Nxd4 a6 6.Bc4 e6 7.Bb3 b5 8.Qf3 Qc7
9.Bg5 Be7 10.O-O-O Nbd7 11.Bxf6 Nxf6 12.g4 b4 13.Nce2 Nd7 14.Nf4 Nc5 15.
Kb1 Nxb3 16.cxb3 Qb7 17.Nh5 O-O 18.g5 f5 19.gxf6 Bxf6 20.Qe3 Qf7 21.Nxf6+ 
Qxf6 22.Nc6 Bb7 23.Na5 Rab8 24.Nxb7 Rxb7 25.Rxd6 Qxf2 26.Qd3 Qf3 27.Qxf3 
Rxf3 28.Rxe6 a5 29.Re8+ Kf7 30.Re5 Ra7 31.Rd1 Kf6 32.Rc5 Re3 33.Rc4 Ke6 
34.Kc2 Rd7 35.Rc6+ Ke7 36.Rxd7+ Kxd7 37.Ra6 Rxe4 38.Rxa5 Re2+ 39.Kd3 Rxh2 
40.Ra7+ Kc6 41.Rxg7 Rxb2 42.Rxh7 1/2-1/2

[Event "RUS-chT 1L"]
[Site "Sochi RUS"]
[Date "2005.04.20"]
[Round "3"]
[White "Gabdrakhmanov, Rafail"]
[Black "Soloviov, Sergei"]
[Result "0-1"]
[WhiteElo "2425"]
[BlackElo "2473"]
[EventDate "2005.04.19"]
[PlyCount "48"]

1.d4 Nf6 2.Nf3 g6 3.c4 Bg7 4.g3 O-O 5.Bg2 d6 6.O-O c6 7.Nc3 Qa5 8.h3 e5 9.
e4 exd4 10.Nxd4 Nbd7 11.Nb3 Qc7 12.Re1 a6 13.Be3 Ne5 14.Qe2 Be6 15.Nd2 b5 
16.c5 dxc5 17.f4 Nh5 18.Bf2 Nc4 19.Nb3 Nxf4 20.gxf4 Qxf4 21.Nxc5 Be5 22.
Nd3 Qh2+ 23.Kf1 Bxh3 24.Bc5 Qh1+ 0-1

[Event "RUS-chT 1L"]
[Site "Sochi RUS"]
[Date "2005.04.20"]
[Round "3"]
[White "Gabrielian, Artur"]
[Black "Pokazanyev, Nikolai"]
[Result "1-0"]
[WhiteElo "2481"]
[BlackElo "2380"]
[EventDate "2005.04.19"]
[PlyCount "70"]

1.e4 e5 2.Nf3 Nc6 3.Bb5 a6 4.Ba4 Nf6 5.O-O Be7 6.Re1 b5 7.Bb3 d6 8.c3 O-O 
9.d4 Bg4 10.d5 Na5 11.Bc2 c6 12.h3 Bc8 13.dxc6 Qc7 14.Nbd2 Qxc6 15.Nf1 Nc4
16.a4 Be6 17.Ng3 Rfe8 18.b3 Nb6 19.a5 Nbd7 20.Bb2 h6 21.Nh4 Rad8 22.Nhf5 
Bf8 23.Qf3 d5 24.Rac1 Qc7 25.b4 g6 26.Ne3 dxe4 27.Nxe4 Nxe4 28.Bxe4 f5 29.
Bd5 e4 30.Qe2 Ne5 31.c4 Bxb4 32.cxb5 Qxa5 33.Red1 axb5 34.Bxe5 Bxd5 35.Bc7
Bc4 1-0

[Event "RUS-chT 1L"]
[Site "Sochi RUS"]
[Date "2005.04.20"]
[Round "3"]
[White "Gladyshev, Oleg"]
[Black "Babiy, Anatoly"]
[Result "1/2-1/2"]
[WhiteElo "2434"]
[BlackElo "2473"]
[EventDate "2005.04.19"]
[PlyCount "57"]

1.d4 Nf6 2.c4 e6 3.Nc3 d5 4.cxd5 exd5 5.Bg5 Be7 6.e3 c6 7.Bd3 O-O 8.Nge2 
Nbd7 9.Qc2 h6 10.Bh4 Ne8 11.Bg3 Ndf6 12.O-O Nd6 13.h3 Re8 14.f3 Nc4 15.Bf2
b5 16.Rad1 Nd7 17.b3 Na3 18.Qc1 Nb6 19.Nb1 Nxb1 20.Bxb1 Bd7 21.e4 dxe4 22.
fxe4 Bg5 23.Qc2 g6 24.Qd3 Qe7 25.Qg3 Bf6 26.Nf4 Bg7 27.Qf3 Red8 28.d5 Be8 
29.d6 1/2-1/2

[Event "RUS-chT 1L"]
[Site "Sochi RUS"]
[Date "2005.04.20"]
[Round "3"]
[White "Ivanov, Alexei"]
[Black "Rodchenkov, Sergei"]
[Result "1-0"]
[WhiteElo "2303"]
[BlackElo "2359"]
[EventDate "2005.04.19"]
[PlyCount "49"]

1.e4 c5 2.Nf3 e6 3.d4 cxd4 4.Nxd4 a6 5.Nc3 Qc7 6.Bd3 Nf6 7.f4 Bb4 8.O-O 
Bc5 9.Ne2 Nc6 10.c3 d6 11.Kh1 h5 12.b4 Ba7 13.b5 Nb8 14.e5 dxe5 15.fxe5 
Ng4 16.Bf4 Qe7 17.Ng3 Nd7 18.Qe2 Bb8 19.Ngf5 exf5 20.Nxf5 Qc5 21.Nxg7+ Kd8
22.Bg5+ Kc7 23.Rxf7 Kb6 24.bxa6 bxa6 25.Rb1+ 1-0

[Event "RUS-chT 1L"]
[Site "Sochi RUS"]
[Date "2005.04.20"]
[Round "3"]
[White "Kornev, Alexei"]
[Black "Pogromsky, Mikhail"]
[Result "1-0"]
[WhiteElo "2565"]
[BlackElo "2291"]
[EventDate "2005.04.19"]
[PlyCount "83"]

1.e4 Nf6 2.e5 Nd5 3.d4 d6 4.c4 Nb6 5.exd6 exd6 6.Nc3 Be7 7.Be3 O-O 8.Qf3 
Bg5 9.Bd3 Bxe3 10.fxe3 Qh4+ 11.Qf2 Qh6 12.Nge2 Nc6 13.Qf4 Qxf4 14.Nxf4 Nb4
15.Kd2 Nxd3 16.Kxd3 Bd7 17.b3 c6 18.h4 Rfe8 19.Rae1 Re7 20.Kd2 Rae8 21.Nd3
Bf5 22.Nf2 h5 23.e4 Bg6 24.Re2 Nd7 25.Rhe1 Nf6 26.Re3 Kf8 27.R1e2 Re6 28.
g3 R6e7 29.Ke1 a6 30.a4 Nxe4 31.Rxe4 Bxe4 32.Nfxe4 d5 33.cxd5 cxd5 34.Nc5 
Re3 35.Kd2 Rxe2+ 36.Nxe2 Ke7 37.Nf4 Kd6 38.Nxb7+ Kc6 39.Nc5 a5 40.Nxh5 g6 
41.Nf4 Rg8 42.Ncd3 1-0

[Event "RUS-chT 1L"]
[Site "Sochi RUS"]
[Date "2005.04.20"]
[Round "3"]
[White "Kositsin, Sergey"]
[Black "Chebotarev, Oleg"]
[Result "0-1"]
[WhiteElo "2446"]
[BlackElo "2480"]
[EventDate "2005.04.19"]
[PlyCount "84"]

1.e4 e6 2.d4 d5 3.e5 c5 4.c3 Nc6 5.Nf3 Nge7 6.Na3 cxd4 7.cxd4 Nf5 8.Nc2 
Bd7 9.Bd3 Qb6 10.O-O a5 11.Bxf5 exf5 12.Rb1 h6 13.h4 Be7 14.h5 Be6 15.Nfe1
g5 16.hxg6 fxg6 17.Nd3 g5 18.Nc5 Bxc5 19.dxc5 Qxc5 20.Be3 Qe7 21.f4 g4 22.
Nd4 Nxd4 23.Bxd4 Kf7 24.Rc1 Rhc8 25.Qd2 Qh4 26.Rxc8 Rxc8 27.Rc1 Rxc1+ 28.
Qxc1 Kg6 29.Qc3 g3 30.Qf3 Qg4 31.a3 a4 32.Kf1 Bd7 33.Ke2 h5 34.Ke3 Qxf3+ 
35.Kxf3 h4 36.Ke2 Kh5 37.Kf1 Kg4 38.Be3 d4 39.Bxd4 Kxf4 40.Bc5 Kg4 41.Ke2 
Bc6 42.Kf1 Bd5 0-1

[Event "RUS-chT 1L"]
[Site "Sochi RUS"]
[Date "2005.04.20"]
[Round "3"]
[White "Krutko, Anatoly"]
[Black "Isaevsky, Anton"]
[Result "0-1"]
[WhiteElo "2358"]
[BlackElo "2429"]
[EventDate "2005.04.19"]
[PlyCount "46"]

1.e4 e5 2.Nf3 Nc6 3.d4 exd4 4.Bc4 Nf6 5.e5 d5 6.Bb5 Ne4 7.Nxd4 Bd7 8.Bxc6 
bxc6 9.O-O Qh4 10.Be3 Be7 11.c4 Rd8 12.cxd5 cxd5 13.Nf3 Qg4 14.Qxd5 Qg6 
15.Qc4 O-O 16.Ne1 Bc8 17.f3 Ng5 18.b4 Rd1 19.Bxg5 Bxg5 20.f4 Ba6 21.b5 
Qb6+ 22.Kh1 Bxb5 23.Qc2 Rfd8 0-1

[Event "RUS-chT 1L"]
[Site "Sochi RUS"]
[Date "2005.04.20"]
[Round "3"]
[White "Lugovoi, Alexei"]
[Black "Ozgibtsev, Anatoly"]
[Result "1-0"]
[WhiteElo "2557"]
[BlackElo "2433"]
[EventDate "2005.04.19"]
[PlyCount "43"]

1.d4 d5 2.c4 e6 3.Nf3 c5 4.cxd5 exd5 5.g3 Nc6 6.Bg2 Nf6 7.O-O cxd4 8.Nxd4 
Be7 9.Nc3 O-O 10.b3 Bg4 11.h3 Be6 12.Bb2 Rc8 13.e3 Nxd4 14.Qxd4 Qa5 15.
Rfd1 Bc5 16.Qd3 Rfd8 17.Ne2 Ne4 18.Nf4 Bf5 19.Nxd5 Nxf2 20.Qxf5 Nxd1 21.
Rxd1 Qxa2 22.Be4 1-0

[Event "RUS-chT 1L"]
[Site "Sochi RUS"]
[Date "2005.04.20"]
[Round "3"]
[White "Maslak, Konstantin"]
[Black "Nikolenko, Oleg"]
[Result "1-0"]
[WhiteElo "2477"]
[BlackElo "2527"]
[EventDate "2005.04.19"]
[PlyCount "93"]

1.e4 e6 2.d4 d5 3.Nc3 Be7 4.Bd3 Nc6 5.Nf3 Nb4 6.Be2 dxe4 7.Nxe4 Nf6 8.
Nxf6+ Bxf6 9.O-O O-O 10.c3 Nd5 11.a4 c5 12.dxc5 Qa5 13.Nd2 Rd8 14.Qb3 Qxc5
15.Ne4 Qc7 16.c4 Ne7 17.Nxf6+ gxf6 18.Qf3 Nf5 19.Bd3 Rd4 20.Bxf5 exf5 21.
b3 Qc6 22.Qc3 Rg4 23.f3 Rg6 24.Bf4 Be6 25.Rad1 Re8 26.Qd4 a6 27.Qf2 h6 28.
Rd6 Qc8 29.Qb6 Kh7 30.Rfd1 Rgg8 31.Qd4 Rg6 32.a5 Reg8 33.g3 Qe8 34.Rb6 Qe7
35.Qd6 Re8 36.Qxe7 Rxe7 37.Rd8 Rg8 38.Rxg8 Kxg8 39.Bxh6 Rd7 40.Kf2 Kh7 41.
Bf4 Kg6 42.Bd6 f4 43.Bxf4 Rd1 44.Rxb7 Rh1 45.h4 Rh2+ 46.Ke3 Ra2 47.Bc7 1-0

[Event "RUS-chT 1L"]
[Site "Sochi RUS"]
[Date "2005.04.20"]
[Round "3"]
[White "Miroshnichenko, Evgeny"]
[Black "Rogovsky, Vladimir"]
[Result "1-0"]
[WhiteElo "2628"]
[BlackElo "2509"]
[EventDate "2005.04.19"]
[PlyCount "111"]

1.Nf3 g6 2.d4 f5 3.Nc3 Nf6 4.Bg5 Bg7 5.Bxf6 Bxf6 6.e4 O-O 7.e5 Bg7 8.h4 d6
9.Bc4+ e6 10.Qe2 d5 11.Bb3 h6 12.Qe3 a5 13.a3 f4 14.Qd3 Qe8 15.Nb5 Na6 16.
a4 Rf5 17.c3 Bd7 18.Bc2 Qf7 19.Qe2 Rf8 20.Bd3 Rh5 21.Qc2 Be8 22.O-O-O Kh7 
23.Rhf1 Qe7 24.g4 fxg3 25.fxg3 Rhf5 26.Bxf5 gxf5 27.h5 Kh8 28.Qd2 Rg8 29.
Qf4 Bf8 30.Rh1 Qg7 31.g4 Be7 32.Qd2 Bg5 33.Nxg5 hxg5 34.Rh2 f4 35.b3 Qe7 
36.Kb2 Rg7 37.Qd3 Bf7 38.Rc1 Bg8 39.Na7 Qe8 40.h6 Rg6 41.Qb5 Qb8 42.Qd7 
Qf8 43.Qc8 Qxc8 44.Nxc8 Kh7 45.Ne7 Bf7 46.Nxg6 Bxg6 47.Rch1 c5 48.Rh5 Bxh5
49.Rxh5 cxd4 50.cxd4 Nb4 51.Kc3 Nc6 52.Rxg5 Kxh6 53.Rg8 Ne7 54.Re8 Ng6 55.
Rxe6 Kg5 56.Rxg6+ 1-0

[Event "RUS-chT 1L"]
[Site "Sochi RUS"]
[Date "2005.04.20"]
[Round "3"]
[White "Novik, Maxim"]
[Black "Zontakh, Andrei"]
[Result "1/2-1/2"]
[WhiteElo "2494"]
[BlackElo "2535"]
[EventDate "2005.04.19"]
[PlyCount "65"]

1.Nf3 Nf6 2.c4 b6 3.g3 c5 4.Bg2 Bb7 5.O-O g6 6.d4 cxd4 7.Qxd4 Bg7 8.Nc3 d6
9.Rd1 Nbd7 10.Be3 Rc8 11.Rac1 O-O 12.Qh4 a6 13.b3 Rc7 14.Bh6 Qa8 15.Bxg7 
Kxg7 16.Qd4 Rfc8 17.g4 Kg8 18.g5 Ne4 19.Nxe4 Bxe4 20.Ne1 Nc5 21.Bh3 Bf5 
22.Bxf5 gxf5 23.Ng2 Ne6 24.Qxb6 Rc5 25.Qb4 f4 26.h4 d5 27.Qd2 dxc4 28.Nxf4
c3 29.Qe3 Nxf4 30.Qxf4 c2 31.Rd3 Qc6 32.Qd4 e5 33.Qe3 1/2-1/2

[Event "RUS-chT 1L"]
[Site "Sochi RUS"]
[Date "2005.04.20"]
[Round "3"]
[White "Rychagov, Andrei"]
[Black "Kolesnikov, Evgeny"]
[Result "1-0"]
[WhiteElo "2525"]
[BlackElo "2328"]
[EventDate "2005.04.19"]
[PlyCount "51"]

1.d4 d5 2.c4 e6 3.Nf3 c6 4.Qc2 dxc4 5.Qxc4 Nf6 6.Bg5 b5 7.Qc2 Bb7 8.Nbd2 
Nbd7 9.e3 a6 10.a4 b4 11.Nb3 Rc8 12.Rd1 Qb6 13.a5 Qa7 14.Bxf6 gxf6 15.Bc4 
Be7 16.e4 O-O 17.O-O Rfd8 18.Rd3 Nf8 19.Qd2 Ng6 20.h4 Bd6 21.e5 fxe5 22.
dxe5 Be7 23.h5 Rxd3 24.Bxd3 Nf8 25.Qf4 Kh8 26.Ng5 1-0

[Event "RUS-chT 1L"]
[Site "Sochi RUS"]
[Date "2005.04.20"]
[Round "3"]
[White "Scherbakov, Ruslan"]
[Black "Namgilov, Sogto"]
[Result "1/2-1/2"]
[WhiteElo "2534"]
[BlackElo "2462"]
[EventDate "2005.04.19"]
[PlyCount "37"]

1.e4 c5 2.Nf3 d6 3.d4 cxd4 4.Nxd4 Nf6 5.Nc3 a6 6.Bg5 e6 7.f4 Qb6 8.Qd3 Nc6
9.O-O-O Bd7 10.Bxf6 gxf6 11.Nf3 Nb4 12.Qd2 Rc8 13.Kb1 f5 14.Ne5 fxe4 15.
Nc4 Qc7 16.Qd4 Rg8 17.Nxe4 Nd5 18.Qf2 Be7 19.Bd3 1/2-1/2

[Event "RUS-chT 1L"]
[Site "Sochi RUS"]
[Date "2005.04.20"]
[Round "3"]
[White "Shkurikhin, Ilia"]
[Black "Nachev, Stanislav"]
[Result "1-0"]
[WhiteElo "2284"]
[BlackElo "2411"]
[EventDate "2005.04.19"]
[PlyCount "143"]

1.d4 d5 2.c4 c6 3.Nc3 Nf6 4.Nf3 dxc4 5.a4 Bf5 6.e3 e6 7.a5 Bb4 8.Qa4 Qe7 
9.Bxc4 O-O 10.Qb3 c5 11.Ra4 Nc6 12.dxc5 Qxc5 13.O-O Bxa5 14.Bb5 Bxc3 15.
bxc3 Bc2 16.Qxc2 Qxb5 17.Bb2 Rfd8 18.c4 Qc5 19.Rb1 Rd7 20.h3 Qe7 21.Ng5 e5
22.Ba3 Qd8 23.c5 h6 24.Nf3 Rc8 25.Nh4 g6 26.Bb2 Qe7 27.Qb3 Kh7 28.Rc1 Rcd8
29.Nf3 Rd5 30.Qc2 Qe6 31.Rb1 R5d7 32.Rh4 Kg7 33.Ra4 Qd5 34.Re1 Re7 35.e4 
Qd3 36.Qc1 Qb5 37.Ra3 Qb4 38.Rae3 Nh5 39.g3 Nf6 40.Kg2 Nd7 41.Rd1 f6 42.
Rd5 Nf8 43.Ba3 Qa5 44.Nd2 Ne6 45.Nc4 Qa4 46.Red3 Ned4 47.Nd6 Nb5 48.Qe3 
Nc7 49.Bc1 Rh8 50.Ra3 Qc2 51.Rc3 Qa2 52.Rd2 Qe6 53.Rb3 Na5 54.Ra3 Nc4 55.
Nxc4 Qxc4 56.Rc3 Qf7 57.c6 Nb5 58.Rc5 bxc6 59.Rxc6 Nd4 60.Ra6 Nb3 61.Ba3 
Nxd2 62.Bxe7 Nxe4 63.Rxa7 Qd5 64.Bxf6+ Kg8 65.Bxh8 Ng5+ 66.f3 Kxh8 67.h4 
Nf7 68.Qe4 Qe6 69.Rc7 Kg7 70.Rc6 Nd6 71.Qd3 Qa2+ 72.Kh3 1-0